000 00711nam a2200229Ia 4500
003 OSt
005 20220927105242.0
006 a|||||r|||| 00| 0
007 ta
008 220926b |||||||| |||| 00| 0 eng d
024 _a187743
037 _cReference Collections
040 _aRTL
_cRTL
_beng
041 _2eng
_aeng
082 _a"U672(J3).2.P, P4.2"
100 _aSingh Tapeshwar Ed.
_9371292
245 0 _aResource Convervation and Food Security An Indian Experienc Vol2
260 _aNewdelhi
_bConcept Publishing
300 _a"ix,690p"
_ccm.
942 _h"U672(J3).2.P, P4.2"
_cCC
999 _c691507
_d691507